Loading...
Literature - British Literature | 0 | 4 | 0 | 1 | 40 | 30 | 80.75 | 0 | 1 |
Literature - European Literature | 0 | 3 | 0 | 2 | 30 | 84 | 109.33 | 0 | 1 |
History - American History | 0 | 3 | 0 | 1 | 30 | 62 | 67.67 | 1 | 3 |
Religion | 0 | 3 | 1 | 0 | 25 | 51 | 64.33 | 0 | 1 |
Science - Other Science | 0 | 3 | 1 | 1 | 25 | 69 | 87.33 | 0 | 1 |
History - Other History | 0 | 3 | 1 | 1 | 25 | 79 | 90.67 | 0 | 0 |
Painting/Sculpture | 0 | 2 | 0 | 0 | 20 | 53 | 70.50 | 0 | 2 |
Fine Arts - Other Fine Arts | 0 | 2 | 1 | 0 | 15 | 65 | 75.50 | 0 | 0 |
Literature - World Literature | 0 | 2 | 1 | 0 | 15 | 22 | 60.50 | 1 | 1 |
History - World History | 0 | 1 | 0 | 1 | 10 | 108 | 108.00 | 0 | 0 |
Mythology | 0 | 1 | 2 | 0 | 0 | 74 | 74.00 | 0 | 0 |
Science - Biology | 0 | 0 | 1 | 0 | -5 | 0.00 | 0 | 0 | |
Geography | 0 | 0 | 1 | 0 | -5 | 0.00 | 0 | 0 | |
Social Science | 0 | 0 | 1 | 0 | -5 | 0.00 | 0 | 0 | |
History - European History | 0 | 0 | 2 | 0 | -10 | 0.00 | 0 | 0 |